| 000 | 00412nam a2200157 a 4500 | ||
|---|---|---|---|
| 005 | 20140310183210.0 | ||
| 008 | 030220s19uu xx 00 eng d | ||
| 050 |
_aPZ 3 _b.K629 1987 |
||
| 100 | _aKipling, Rudyard | ||
| 245 |
_aCaptains courageous / _cRudyard Kipling. |
||
| 260 |
_aNew York ; _bMoby Books, _c1987. |
||
| 300 |
_a238 p. : _c13 cm. |
||
| 650 | _aClassics | ||
| 942 |
_cBK _2lcc |
||
| 999 |
_c20121 _d20121 |
||